Dependencia holística

Guardat en:
Dades bibliogràfiques
Autor principal: Packenham, Robert A.
Format: Text
Publicat: Nuevo México: IICLA
Etiquetes: Afegir etiqueta
Sense etiquetes, Sigues el primer a etiquetar aquest registre!

MARC

LEADER 00000 a a2200000 04500
001 23658
003
040
090 |a 165500  
100 |a Packenham, Robert A.  
245 |a Dependencia holística  
260 |a Nuevo México:   |b IICLA  
300 |a 63 p.  
999 |c 17282  |d 17282